Movies Quiz

Random Movies or Blitz Quiz

Blackboard Blitz: Movie Directors Quiz Stats

 Plays Quiz Updated Sep 14, 2017

Challenge
Share
Tweet
Score 0/10 Timer 01:00
4 Plays Today
% Correct
Donald Trump
95.6%
Michael Jordan
94.8%
Edgar Allan Poe
93.9%
Kurt Cobain
93.5%
Audrey Hepburn
90%
Anne Frank
89.2%
John F. Kennedy
88.9%
David Beckham
85.4%
Chuck Norris
84.7%
Celine Dion
82.1%

You're not logged in!

Compare scores with friends on all Sporcle quizzes.
Join for Free
OR
Log In

You Might Also Like...

Show Comments

Extras

Top Quizzes Today


Score Distribution

Your Account Isn't Verified!

In order to create a playlist on Sporcle, you need to verify the email address you used during registration. Go to your Sporcle Settings to finish the process.

Report this User

Report this user for behavior that violates our Community Guidelines.

Details: